Koeficient smennosti i problemy povyšenija zagruzki oborudovanija
Enregistré dans:
| Auteur principal: | |
|---|---|
| Format: | Livre |
| Langue: | russe |
| Publié: |
Tallin
Valgus
1982
|
| Tags: |
Pas de tags, Soyez le premier à ajouter un tag!
|
MARC
| LEADER | 00000nam a2200000 4500 | ||
|---|---|---|---|
| 001 | c106976 | ||
| 005 | 20041019155138.8 | ||
| 041 | 0 | |a rus | |
| 044 | |a EE | ||
| 245 | 1 | 0 | |a Koeficient smennosti i problemy povyšenija zagruzki oborudovanija |c Kal'vi A. Ejgi |
| 264 | 1 | |a Tallin |b Valgus |c 1982 | |
| 300 | |a 104 s. | ||
| 100 | 1 | |a Ejgi, Kal'vi A. | |